Asian Countries That Speak A European Language - Statistics

General Stats
  • This quiz has been taken 2,953 times
  • The average score is 5 of 8
Answer Stats
Language Country % Correct
English India
87%
English Singapore
83%
English Philippines
72%
English Pakistan
71%
Russian Kazakhstan
64%
Portuguese East Timor
59%
Russian Kyrgyzstan
50%
Greek Cyprus
43%
No matching quizzes found
Score Distribution
Percent of People with Each Score
Percentile by Number Answered
Your Score History
You have not taken this quiz